000 00494cam a22001337a 4500
008 180718b1965 xxu||||| |||| 00| 0 eng d
082 _aB704x54 In2a
100 _aIndia. Committee on Augmentation of Financial Resources of Urban Local Bodies
245 _aAugmentation of Financial Resources of Urban Local Bodies: report of the Committee, November 1963
260 _aNew Delhi
_bThe author
_c1965
300 _a566p.
500 _aChairman: Rafiq Zakaria
700 _aZakaria, Rafiq (Chairman)
999 _c391195
_d391195